000 00392 a2200169 4500
001 74608
020 _a857307185-0
040 _cAnchieta - Colégio São Paulo
100 _aValls, Enric
240 1 0 _aOs Procedimentos Educacionais
_lpor
245 1 0 _aOs Procedimentos Educacionais
300 _a184
362 0 _a1996
440 1 _aArtes Médicas
650 4 _aEducação
942 _cBK
999 _c74608
_d74608